000 00608cam a22002293a 4500
001 16369
003 PGUSA
005 20140828083341.0
008 050727s2005||||xxu|||||s|||||000 | eng d
040 _aPGUSA
_beng
042 _adc
050 4 _aPS
100 1 _aPerry, Bliss,
_d1860-1954
245 1 0 _aFishing with a Worm
_h[electronic resource] /
_cBliss Perry
260 _bProject Gutenberg,
_c2005
506 _aPublic domain in the USA.
516 _aElectronic text
653 _aFishing
830 0 _aProject Gutenberg
_v16369
856 4 0 _uhttp://www.gutenberg.org/ebooks/16369
942 _cEB
999 _c245624
_d245624